000
00331nam a22001457a 4500
003
OSt
005
20211227155653.0
008
211227b |||||||| |||| 00| 0 eng d
020
_a
0748761470
040
_c
HU
082
_a
004
100
_a
Bradley Ray
_9
25567
245
_a
Understanding Computer Science
942
_2
ddc
_c
BOOKS
_n
0
999
_c
24454
_d
24454